Anuario de estadísticas criminales 2006

Uloženo v:
Podrobná bibliografie
Médium: Kniha
Jazyk:španělština
Vydáno: Santiago Ministerio del Interior 2008
Vydání:1a. ed
Témata:
Tagy: Přidat tag
Žádné tagy, Buďte první, kdo vytvoří štítek k tomuto záznamu!

MARC

LEADER 00000nam a2200000 a 4500
001 UCH0222
003 CL-VaPUC
008 090123e20080000CL |||||||||||||||||spa|d
082 0 4 |a 364.1  |b ANU  |2 21 
245 1 0 |a Anuario de estadísticas criminales 2006 
250 |a 1a. ed 
300 |a 98 p 
942 |c BK 
945 |d 20090123 00:00:00  |a cmena 
260 |a Santiago  |b Ministerio del Interior  |c 2008 
650 0 |a Anuarios  |9 258977 
650 0 |a Delitos  |9 224143 
650 0 |a Distribución geográfica  |9 260005 
650 7 |a IMPUTADOS  |2 CL-VaPUC  |9 534381 
651 7 |a CHILE  |2 CL-VaPUC  |9 534382 
583 |a last modification  |c 20130104 10:42:14  |k Rodrigo Vera 
999 |c 332569  |d 332567 
952 |0 0  |1 0  |4 0  |6 364_100000000000000_ANU_2008  |7 0  |8 A  |9 420375  |a BIBDER  |b BIBDER  |d 2019-11-22  |i 4512979  |o 364.1 ANU 2008  |p 4512979  |r 2023-01-25  |w 2019-11-22  |y BK  |k DER 
952 |0 0  |1 0  |4 0  |6 364_100000000000000_ANU_2008  |7 0  |8 A  |9 420376  |a BIBDER  |b BIBDER  |d 2019-11-22  |i 4512987  |o 364.1 ANU 2008  |p 4512987  |r 2023-01-25  |w 2019-11-22  |y BK  |k DER